| 000 | 00854nam a2200241 a 4500 | ||
|---|---|---|---|
| 001 | BRCA_7860 | ||
| 005 | 20190320210028.0 | ||
| 008 | 191113s1967----cn-a######---#000-0#eng-# | ||
| 041 | _aeng | ||
| 044 | _acn | ||
| 050 | 4 |
_aN5030 _b.P35 1967 |
|
| 245 | 1 | 0 |
_aThe painter and the new world _ba survey of painting from 1564 to 1867, marking the founding of Canadian Confederation exhibited from June 9 to July 30, 1967. |
| 260 |
_aCanadá _bThe Montreal Museum of Fine Arts _c1967 |
||
| 300 |
_a1 v. (sin paginación) _bil. (algunas a color), 361 láminas _c31 cm. |
||
| 500 | _aY86 | ||
| 546 | _aTexto en : inglés y francés | ||
| 650 | 1 | 4 |
_aPintura _vExposiciones _913980 |
| 650 | 1 | 4 |
_aArte _zAmérica _914766 |
| 650 | 1 | 4 |
_aGalerías y museos _zCanadá _97769 |
| 651 | 4 |
_aAmérica _xDescubrimiento y exploración _9584 |
|
| 902 | _aGFM | ||
| 942 |
_2lcc _cB |
||
| 999 |
_c7534 _d7534 |
||